000 00443nam a22001457a 4500
008 160415b xxu||||| |||| 00| 0 eng d
050 _aHD82.S439
100 _aSen, Amartya
_914879
245 _aUn nouveau modele economique
_bDevelopment, justice, liberte
_cAmartya Sen
260 _aParis
_bOdile Jacob
_c2003
300 _a479p. ;
_c18cm.
650 _aEconomic development
_99273
650 _aSocial values
_91984
942 _2lcc
_cMONOGRAPH
999 _c124624
_d124624